[Event "GER-ch Net blitz qual4"]
[Site "Playchess.com INT"]
[Date "2020.03.23"]
[Round "5"]
[White "Lu, Yunong Elias"]
[Black "Kemper, Jannick"]
[Result "0-1"]
[WhiteElo "1521"]
[BlackElo "1591"]
[PlyCount "153"]
[EventDate "2020.03.23"]
[EventType "swiss (blitz)"]
[EventRounds "9"]
[EventCountry "GER"]
[SourceTitle "CBM 195 Extra"]
[Source "ChessBase"]
[SourceDate "2020.05.31"]
[SourceVersion "1"]
[SourceVersionDate "2020.05.31"]
[SourceQuality "1"]

1. e4 c5 2. c3 Nf6 3. e5 Nd5 4. d4 cxd4 5. Nf3 Nc6 6. Bc4 Nb6 7. Bb3 d6 8. cxd4 e6 9. Nc3 Na5 10. Bc2 dxe5 11. dxe5 Qxd1+ 12. Bxd1 Bb4 13. Bd2 0-0 14. a3 Be7 15. b4 Nac4 16. Bc1 Bd7 17. 0-0 Bc6 18. Be2 Rfd8 19. Bf4 Rac8 20. Rfd1 Nb2 21. Rxd8+ Rxd8 22. Rb1 N2a4 23. Nxa4 Bxa4 24. Be3 Nd5 25. Bd4 b6 26. g3 Bc2 27. Rc1 Bg6 28. Bc4 Rc8 29. Bb2 Rd8 30. Nd4 Bg5 31. f4 Be7 32. Nc6 Rd7 33. Bxd5 Bf8 34. Bb3 Rd2 35. Bc3 Re2 36. Nd4 Re3 37. Nxe6 fxe6 38. Bxe6+ Bf7 39. Bxf7+ Kxf7 40. Bb2 Re2 41. Rb1 Be7 42. h4 Re3 43. Kf2 Rb3 44. Kg2 a5 45. bxa5 bxa5 46. a4 Ba3 47. Bxa3 Rxb1 48. Bc5 Ra1 49. Bb6 Rxa4 50. Kf3 Ra3+ 51. Kg2 a4 52. Bc5 Ra2+ 53. Kh3 a3 54. Bxa3 Rxa3 55. Kg4 h6 56. h5 Ke6 57. Kh4 Ra4 58. Kg4 Kf7 59. Kf5 Ra6 60. g4 g6+ 61. hxg6+ Rxg6 62. g5 hxg5 63. fxg5 Ra6 64. Kf4 Kg6 65. Kg4 Re6 66. Kf4 Re7 67. Ke4 Kxg5 68. Kd5 Kf5 69. Kd6 Rxe5 70. Kd7 Kf6 71. Kd8 Re7 72. Kc8 Rh7 73. Kb8 Ke6 74. Ka8 Kd6 75. Kb8 Kc6 76. Ka8 Kb6 77. Kb8 0-1

[Event "GER-ch Net blitz qual3"]
[Site "Playchess.com INT"]
[Date "2020.03.21"]
[Round "6"]
[White "Kemper, Jannick"]
[Black "Schaefer, Erich"]
[Result "1-0"]
[WhiteElo "1588"]
[BlackElo "1321"]
[PlyCount "63"]
[EventDate "2020.03.21"]
[EventType "swiss (blitz)"]
[EventRounds "9"]
[EventCountry "GER"]
[SourceTitle "CBM 195 Extra"]
[Source "ChessBase"]
[SourceDate "2020.05.31"]
[SourceVersion "1"]
[SourceVersionDate "2020.05.31"]
[SourceQuality "1"]

1. e4 c5 2. Nf3 Nc6 3. d4 cxd4 4. Nxd4 e6 5. Nc3 Nge7 6. Ndb5 Ng6 7. Nd6+ Bxd6 8. Qxd6 Qe7 9. Qxe7+ Ngxe7 10. Be3 0-0 11. f3 a6 12. g4 b5 13. 0-0-0 Bb7 14. Be2 Na5 15. h4 Nc4 16. Bxc4 bxc4 17. Rxd7 Bxe4 18. Nxe4 Nd5 19. Bd4 Nb4 20. a3 Nc6 21. Bc3 a5 22. Rhd1 f5 23. Nc5 Rf7 24. Rxf7 Kxf7 25. Rd7+ Ne7 26. Bxg7 Kxg7 27. Rxe7+ Kg8 28. Rxe6 fxg4 29. fxg4 Rc8 30. Re5 Rd8 31. Ne6 Rd4 32. Nxd4 1-0

[Event "GER-ch Net blitz qual2"]
[Site "Playchess.com INT"]
[Date "2020.03.16"]
[Round "1"]
[White "Kemper, Jannick"]
[Black "Colbow, Collin"]
[Result "0-1"]
[WhiteElo "1531"]
[BlackElo "2222"]
[PlyCount "32"]
[EventDate "2020.03.16"]
[EventType "swiss (blitz)"]
[EventRounds "9"]
[EventCountry "GER"]
[SourceTitle "CBM 195 Extra"]
[Source "ChessBase"]
[SourceDate "2020.05.31"]
[SourceVersion "1"]
[SourceVersionDate "2020.05.31"]
[SourceQuality "1"]

1. e4 c5 2. Nf3 d6 3. d4 cxd4 4. Nxd4 Nf6 5. Nc3 Nc6 6. f3 e5 7. Nf5 Bxf5 8. exf5 d5 9. Bb5 d4 10. Ne4 Qa5+ 11. Bd2 Qxb5 12. c3 Nxe4 13. fxe4 0-0-0 14. a4 Qd3 15. cxd4 Qxe4+ 16. Kf2 Qxd4+ 0-1